00889nam a2200217Ia 4500003000400000005001700004008004100021040002100062041001300083082002500096100003100121245015300152260004400305300003600349500007600385505005500461600007000516650001500586650002600601700004400627OSt20210518131352.0210310s1962 mx gr 000 0 spa d aCO-JMCRcCO-JMCR1 aspahger04a320.531 /bE575a2231 aEngels, Friedrich, eautor10aAnti-dühring : bla subversión de la ciencia por el señor Eugen Dühring / cFederico Engels ; versión española de Manuel Sacristan Luzon aMéxico : bEditorial Grijalbo, c1962 axxxix, 347 páginas ; c22 cm. aTítulo original: Herrn Eugens Dühring´s Umwalzung Der Wissenschaft0 aFilosofía -- Economía política -- Socialismo14aDühring, Karl Eugene, d1833-1921xCrítica e interpretación14aSocialismo24aEconomía política1 aSacristan Luzon, Manuel, etraducción